Apuntes de Derecho Mercantil
Enregistré dans:
| Auteur principal: | |
|---|---|
| Format: | Livre |
| Langue: | espagnol |
| Publié: |
Pamplona
Aranzadi
2016
|
| Édition: | 17a. ed |
| Collection: | Manuales Universitarios
|
| Sujets: | |
| Tags: |
Ajouter un tag
Pas de tags, Soyez le premier à ajouter un tag!
|
MARC
| LEADER | 00000cam a2200000 a 4500 | ||
|---|---|---|---|
| 001 | UCC0649 | ||
| 003 | CL-VaPUC | ||
| 008 | 170825e20160000sp |||||||||||||||||spa|d | ||
| 020 | |a 9788490996829 | ||
| 082 | 0 | 4 | |a 346.4607 |b BER |2 21 |
| 100 | 0 | |a Bercovitz Rodríguez-Cano, Alberto |e author |9 594648 | |
| 245 | 1 | 0 | |a Apuntes de Derecho Mercantil |
| 246 | 1 | 0 | |a Derecho Mercantil, Derecho de la competencia y propiedad industrial |
| 250 | |a 17a. ed | ||
| 300 | |a 678 p | ||
| 942 | |c BK | ||
| 945 | |d 20170825 13:52:00 |a dcastane | ||
| 260 | |a Pamplona |b Aranzadi |c 2016 | ||
| 650 | 7 | |a DERECHO MERCANTIL INTERNACIONAL |2 CL-VaPUC |9 594649 | |
| 650 | 0 | |a Comercio electrónico |9 428366 | |
| 650 | 0 | |a Derecho de propiedad |9 256450 | |
| 583 | |a last modification |c 20170825 13:52:00 |k Rodrigo Vera | ||
| 490 | 0 | |a Manuales Universitarios | |
| 999 | |c 369422 |d 369420 | ||
| 952 | |0 0 |1 0 |3 erb |4 0 |6 346_460700000000000_BER_2016 |7 0 |8 A |9 485188 |a BIBDER |b BIBDER |i 5419131 |o 346.4607 BER 2016 |p 5419131 |r 2023-01-25 |w 2019-11-24 |y BK |z Catalogado en:20170825 |k DER | ||